[Event "Titled Tuesday intern op 01st Apr Early"]
[Site "Chess.com INT"]
[Date "2025.04.01"]
[Round "6"]
[White "Grabinsky, Vladimir"]
[Black "Skiadopoulos, Nikolaos"]
[Result "0-1"]
[WhiteElo "2192"]
[BlackElo "1882"]
[PlyCount "64"]
[EventDate "2025.04.01"]
[EventType "swiss (blitz)"]
[EventRounds "11"]
[EventCountry "USA"]
[SourceTitle "CB15_2025"]
[SourceDate "2025.04.09"]
[SourceVersion "1"]
[SourceVersionDate "2025.04.09"]
[SourceQuality "1"]

1. e4 c5 2. b4 b6 3. bxc5 bxc5 4. Bc4 Nc6 5. Nf3 Rb8 6. Nc3 e6 7. 0-0 Nf6 8. e5 Ng4 9. Re1 Qc7 10. Nb5 Rxb5 11. Bxb5 Ncxe5 12. Nxe5 Nxe5 13. Bb2 Bd6 14. Qh5 g6 15. Qh4 f5 16. Qf6 Rf8 17. Qxe6+ Kd8 18. Qb3 Bb7 19. Re3 Ng4 20. Rd3 Bxh2+ 21. Kf1 Bc6 22. Bxc6 Qxc6 23. Re1 Kc7 24. Qa3 Qb6 25. Bc3 Kc8 26. Ba5 Qb5 27. Qc3 Bc7 28. Bxc7 Kxc7 29. Qa3 Kb7 30. c4 Qxc4 31. Rb1+ Ka8 32. Kg1 Ne5 0-1

[Event "Titled Tuesday intern op 01st Apr Early"]
[Site "Chess.com INT"]
[Date "2025.04.01"]
[Round "2"]
[White "Shishkov, Andrei"]
[Black "Skiadopoulos, Nikolaos"]
[Result "1-0"]
[WhiteElo "2343"]
[BlackElo "1882"]
[PlyCount "65"]
[EventDate "2025.04.01"]
[EventType "swiss (blitz)"]
[EventRounds "11"]
[EventCountry "USA"]
[SourceTitle "CB15_2025"]
[SourceDate "2025.04.09"]
[SourceVersion "1"]
[SourceVersionDate "2025.04.09"]
[SourceQuality "1"]

1. d4 Nf6 2. c4 c5 3. d5 b5 4. cxb5 a6 5. f3 axb5 6. e4 c4 7. Be3 d6 8. Nc3 Bd7 9. a3 g6 10. Nge2 Bg7 11. Nd4 0-0 12. Be2 Qa5 13. 0-0 Na6 14. a4 b4 15. Ncb5 c3 16. bxc3 bxc3 17. Rc1 Rfc8 18. Qb3 Nc5 19. Qxc3 Nxa4 20. Qxa5 Rxa5 21. Rxc8+ Bxc8 22. Nc6 Ra8 23. Nxe7+ Kf8 24. Nxc8 Rxc8 25. Nxd6 Rc2 26. Bd1 Rc3 27. Bd4 Ra3 28. Nb5 Ra2 29. Bb3 Rd2 30. Bxa4 Rxd4 31. Nxd4 Nxe4 32. fxe4 Bxd4+ 33. Kh1 1-0

[Event "Titled Tuesday intern op 01st Apr Early"]
[Site "Chess.com INT"]
[Date "2025.04.01"]
[Round "7"]
[White "Skiadopoulos, Nikolaos"]
[Black "Lewandowski, Rafal"]
[Result "1-0"]
[WhiteElo "1882"]
[BlackElo "2116"]
[PlyCount "123"]
[EventDate "2025.04.01"]
[EventType "swiss (blitz)"]
[EventRounds "11"]
[EventCountry "USA"]
[SourceTitle "CB15_2025"]
[SourceDate "2025.04.09"]
[SourceVersion "1"]
[SourceVersionDate "2025.04.09"]
[SourceQuality "1"]

1. b4 e6 2. Bb2 Bxb4 3. Bxg7 f6 4. Bxh8 Kf7 5. c3 Bf8 6. Qc2 f5 7. g4 d6 8. Bh3 Qh4 9. gxf5 e5 10. f6 Bxh3 11. Nxh3 Qxh3 12. Bg7 Bxg7 13. fxg7 Nd7 14. Na3 Ndf6 15. 0-0-0 Kxg7 16. Rdg1+ Kh8 17. Rg3 Qe6 18. Rhg1 a6 19. Qb3 Qxb3 20. axb3 b5 21. Nc2 c5 22. d4 Ne4 23. Re3 d5 24. f3 cxd4 25. cxd4 exd4 26. Nxd4 Rc8+ 27. Kb2 Nef6 28. Re6 Ra8 29. Nc6 a5 30. Ne5 Ra7 31. Rd6 a4 32. bxa4 bxa4 33. Ka3 Re7 34. f4 Ra7 35. Rd8 h6 36. Nd7 Rxd7 37. Rgxg8+ Kh7 38. Rh8+ Kg7 39. Rxd7+ Nxd7 40. Rd8 Nf6 41. Kxa4 Kg6 42. Kb5 Kf5 43. Rd6 h5 44. Kc6 h4 45. e3 h3 46. Rxd5+ Nxd5 47. Kxd5 Kg4 48. Ke5 Kf3 49. f5 Kg2 50. f6 Kxh2 51. f7 Kg1 52. f8Q h2 53. Qg7+ Kf2 54. Qh6 Kg1 55. Qxh2+ Kxh2 56. Kf4 Kh3 57. e4 Kh4 58. e5 Kh5 59. Kf5 Kh6 60. Kf6 Kh7 61. Kf7 Kh8 62. e6 1-0

[Event "Titled Tuesday intern op 01st Apr Early"]
[Site "Chess.com INT"]
[Date "2025.04.01"]
[Round "5"]
[White "Skiadopoulos, Nikolaos"]
[Black "Montano Vicente, Guadalupe"]
[Result "0-1"]
[WhiteElo "1882"]
[BlackElo "1970"]
[PlyCount "100"]
[EventDate "2025.04.01"]
[EventType "swiss (blitz)"]
[EventRounds "11"]
[EventCountry "USA"]
[SourceTitle "CB15_2025"]
[SourceDate "2025.04.09"]
[SourceVersion "1"]
[SourceVersionDate "2025.04.09"]
[SourceQuality "1"]

1. e4 c5 2. b4 cxb4 3. d4 g6 4. Bb2 Bg7 5. Nf3 e6 6. Bd3 Ne7 7. 0-0 0-0 8. a3 bxa3 9. Nxa3 Nbc6 10. Nc4 d5 11. Nce5 Nxe5 12. Nxe5 Bd7 13. Nxd7 Qxd7 14. exd5 Nxd5 15. Qd2 a6 16. c4 Ne7 17. Rfd1 Rfd8 18. Be4 Rac8 19. Rac1 b5 20. cxb5 axb5 21. Rxc8 Rxc8 22. h4 h5 23. Qe3 Nd5 24. Qg3 Qc7 25. Qg5 Bf6 26. Qd2 Bxh4 27. g3 Bf6 28. Kg2 Bg7 29. Qg5 Qd8 30. Qd2 Nf6 31. Bd3 Qd7 32. Qe2 Nd5 33. Bxb5 Qd8 34. Bd3 Rb8 35. Bc1 Bxd4 36. Bxg6 Bg7 37. Bxh5 Qc7 38. Qf3 Qb7 39. Bg5 Re8 40. Kg1 Rc8 41. Qg4 Qd7 42. Bh6 f5 43. Qxg7+ Qxg7 44. Bxg7 Kxg7 45. g4 Kf6 46. gxf5 Rg8+ 47. Kf1 Kxf5 48. Bf3 Ke5 49. Re1+ Kd6 50. Be4 Rh8 0-1

[Event "Titled Tuesday intern op 01st Apr Early"]
[Site "Chess.com INT"]
[Date "2025.04.01"]
[Round "10"]
[White "Skiadopoulos, Nikolaos"]
[Black "Nersisyan, Garnik"]
[Result "0-1"]
[WhiteElo "1882"]
[BlackElo "2035"]
[PlyCount "92"]
[EventDate "2025.04.01"]
[EventType "swiss (blitz)"]
[EventRounds "11"]
[EventCountry "USA"]
[SourceTitle "CB15_2025"]
[SourceDate "2025.04.09"]
[SourceVersion "1"]
[SourceVersionDate "2025.04.09"]
[SourceQuality "1"]

1. b4 e6 2. Bb2 d5 3. Nf3 Nf6 4. a3 Be7 5. e3 0-0 6. Be2 Ne4 7. d3 Bf6 8. Nd4 Nd6 9. 0-0 b6 10. Nd2 c5 11. bxc5 bxc5 12. N2f3 cxd4 13. Nxd4 Bb7 14. Rb1 Nc6 15. Nxe6 fxe6 16. Bxf6 Qxf6 17. c4 Ba6 18. cxd5 exd5 19. Bf3 Ne7 20. Qb3 Qf7 21. Rfd1 Rad8 22. Qa4 Bb5 23. Qxa7 Bc6 24. Qc5 Ba8 25. a4 g5 26. h3 d4 27. Bxa8 Qxf2+ 28. Kh1 Rxa8 29. Qxd6 Ng6 30. Qxd4 Rad8 31. Qc4+ Qf7 32. Qxf7+ Rxf7 33. d4 Nh4 34. Rd2 Nf5 35. e4 Nxd4 36. Rbd1 Rff8 37. Rxd4 Ra8 38. e5 Rfe8 39. Rg4 h6 40. Rd5 Kf7 41. h4 Ke6 42. Rd6+ Kf5 43. Rxh6 Kxg4 44. hxg5 Rxe5 45. Kh2 Rxg5 46. Rh3 Rxa4 0-1

[Event "Titled Tuesday intern op 25th Mar Early"]
[Site "Chess.com INT"]
[Date "2025.03.25"]
[Round "3"]
[White "Bueno, Alfeu Varela Jr"]
[Black "Skiadopoulos, Nikolaos"]
[Result "1-0"]
[WhiteElo "2152"]
[BlackElo "1882"]
[PlyCount "71"]
[EventDate "2025.03.25"]
[EventType "swiss (blitz)"]
[EventRounds "11"]
[EventCountry "USA"]
[SourceTitle "CB14_2025"]
[SourceDate "2024.11.01"]
[SourceVersion "1"]
[SourceVersionDate "2024.11.01"]
[SourceQuality "1"]

1. e4 c5 2. Nc3 Nc6 3. f4 e6 4. Nf3 a6 5. g3 d5 6. d3 Nf6 7. Bg2 d4 8. Ne2 Be7 9. 0-0 0-0 10. h3 Nd7 11. g4 f6 12. Ng3 e5 13. Nf5 exf4 14. Bxf4 Nde5 15. Nxe5 fxe5 16. Bg3 Bxf5 17. exf5 Bf6 18. Qf3 Rb8 19. a3 Ne7 20. Rae1 Nc6 21. Qd5+ Kh8 22. Qxc5 Re8 23. Re2 Rc8 24. Rfe1 Re7 25. Qd5 h6 26. Qxd8+ Rxd8 27. Bxc6 bxc6 28. Kg2 g6 29. Bxe5 Bxe5 30. Rxe5 Rxe5 31. Rxe5 gxf5 32. Rxf5 Rb8 33. b3 Kg7 34. Rc5 Rb6 35. Kf3 Kf6 36. Ke4 1-0

[Event "Titled Tuesday intern op 25th Mar Early"]
[Site "Chess.com INT"]
[Date "2025.03.25"]
[Round "11"]
[White "Pournami, S."]
[Black "Skiadopoulos, Nikolaos"]
[Result "0-1"]
[WhiteElo "1770"]
[BlackElo "1882"]
[PlyCount "106"]
[EventDate "2025.03.25"]
[EventType "swiss (blitz)"]
[EventRounds "11"]
[EventCountry "USA"]
[SourceTitle "CB14_2025"]
[SourceDate "2024.11.01"]
[SourceVersion "1"]
[SourceVersionDate "2024.11.01"]
[SourceQuality "1"]

1. d4 Nf6 2. c4 c5 3. d5 b5 4. cxb5 a6 5. Nc3 axb5 6. Nxb5 d6 7. a4 g6 8. Nf3 Bg7 9. e3 0-0 10. Be2 Na6 11. 0-0 Bb7 12. Nc3 Nb4 13. e4 Ba6 14. Bxa6 Rxa6 15. Re1 Nd7 16. Qe2 Qc7 17. Bf4 c4 18. Nb5 Qa5 19. e5 Nd3 20. Bd2 Qd8 21. exd6 exd6 22. Reb1 Bxb2 23. Ra2 Bf6 24. Bc3 Re8 25. Qd2 Bxc3 26. Qxc3 N7e5 27. Nxe5 Nxe5 28. Re2 Rxa4 29. f4 Ng4 30. Rxe8+ Qxe8 31. Nxd6 Qe3+ 32. Qxe3 Nxe3 33. Rb8+ Kg7 34. Rb7 Nxd5 35. Nxf7 Kf6 36. Ne5 Kf5 37. Rb5 Ke4 38. Kf2 c3 39. Ke1 Ra1+ 40. Ke2 Nxf4+ 41. Kf2 Nd3+ 42. Nxd3 Kxd3 43. Rd5+ Kc4 44. Rd7 c2 45. Rc7+ Kd3 46. Rd7+ Ke4 47. Re7+ Kf5 48. Rf7+ Ke6 49. Rc7 c1Q 50. Rxc1 Rxc1 51. Kg3 Kf5 52. Kh4 g5+ 53. Kh5 Rc4 0-1

[Event "Titled Tuesday intern op 25th Mar Early"]
[Site "Chess.com INT"]
[Date "2025.03.25"]
[Round "1"]
[White "Skiadopoulos, Nikolaos"]
[Black "Centron Antuna, Daniel"]
[Result "0-1"]
[WhiteElo "1882"]
[BlackElo "2334"]
[PlyCount "106"]
[EventDate "2025.03.25"]
[EventType "swiss (blitz)"]
[EventRounds "11"]
[EventCountry "USA"]
[SourceTitle "CB14_2025"]
[SourceDate "2024.11.01"]
[SourceVersion "1"]
[SourceVersionDate "2024.11.01"]
[SourceQuality "1"]

1. b4 e5 2. Bb2 Bxb4 3. Bxe5 Nf6 4. a3 Be7 5. c4 Nc6 6. Bb2 0-0 7. Nc3 d5 8. cxd5 Nxd5 9. Nxd5 Qxd5 10. Nf3 Bg4 11. e3 Rfe8 12. Be2 Rad8 13. d4 Bd6 14. h3 Bf5 15. 0-0 Re6 16. Ng5 Rg6 17. Bf3 Qb5 18. Bc1 Bd3 19. Be4 Bxf1 20. Bxg6 hxg6 21. Nxf7 Be2 22. Nxd6 Rxd6 23. Qc2 Qd3 24. Qxd3 Bxd3 25. Bd2 Ne7 26. Bb4 Rd7 27. Rd1 Be2 28. Rd2 Bc4 29. Rc2 Bd5 30. f3 b6 31. e4 Bb3 32. Rc3 Bf7 33. d5 g5 34. Rd3 c5 35. Bd2 Nc6 36. Bxg5 Nd4 37. Be3 Nb5 38. a4 Nc7 39. Bf4 Na6 40. Bd2 Nb4 41. Bxb4 cxb4 42. Rb3 a5 43. Kf2 Rd8 44. Ke3 Be8 45. Kd4 Bxa4 46. Re3 Bc2 47. e5 b3 48. d6 b2 49. Re1 b1Q 50. Rxb1 Bxb1 51. Kd5 Ba2+ 52. Kc6 Be6 53. g4 a4 0-1

[Event "Titled Tuesday intern op 25th Mar Early"]
[Site "Chess.com INT"]
[Date "2025.03.25"]
[Round "4"]
[White "Skiadopoulos, Nikolaos"]
[Black "Martin, Lewis"]
[Result "0-1"]
[WhiteElo "1882"]
[BlackElo "2050"]
[PlyCount "80"]
[EventDate "2025.03.25"]
[EventType "swiss (blitz)"]
[EventRounds "11"]
[EventCountry "USA"]
[SourceTitle "CB14_2025"]
[SourceDate "2024.11.01"]
[SourceVersion "1"]
[SourceVersionDate "2024.11.01"]
[SourceQuality "1"]

1. b4 d5 2. Bb2 Nf6 3. Nf3 Bf5 4. d3 Nbd7 5. g3 e6 6. a3 c5 7. bxc5 Bxc5 8. Bd4 0-0 9. Bg2 Bg4 10. Nbd2 Rc8 11. 0-0 Qe7 12. Bxc5 Nxc5 13. c4 Rfd8 14. cxd5 Nxd5 15. h3 Nc3 16. Qe1 Bh5 17. g4 Bg6 18. Ne5 b6 19. Nxg6 hxg6 20. Rc1 N5a4 21. Nc4 b5 22. Ne5 Qxa3 23. Qd2 Nxe2+ 24. Qxe2 Rxc1 25. Qf3 Rxf1+ 26. Bxf1 Rf8 27. Nd7 Re8 28. Ne5 Qe7 29. Qc6 Rb8 30. d4 Qb7 31. Qc2 a6 32. Bg2 Qc8 33. Nc6 Kh7 34. h4 Rb6 35. h5 Qe8 36. hxg6+ fxg6 37. Ne5 b4 38. Be4 Kh6 39. Qd2+ g5 40. Nf3 Qe7 0-1

[Event "Titled Tuesday intern op 25th Mar Early"]
[Site "Chess.com INT"]
[Date "2025.03.25"]
[Round "2"]
[White "Skiadopoulos, Nikolaos"]
[Black "Zieba, Hubert"]
[Result "0-1"]
[WhiteElo "1882"]
[BlackElo "2232"]
[PlyCount "68"]
[EventDate "2025.03.25"]
[EventType "swiss (blitz)"]
[EventRounds "11"]
[EventCountry "USA"]
[SourceTitle "CB14_2025"]
[SourceDate "2024.11.01"]
[SourceVersion "1"]
[SourceVersionDate "2024.11.01"]
[SourceQuality "1"]

1. b4 d5 2. Bb2 Nf6 3. Nf3 Bf5 4. d3 h6 5. Nbd2 e6 6. a3 Nbd7 7. g3 Bd6 8. c4 c6 9. Bg2 Qe7 10. 0-0 0-0 11. Re1 Bh7 12. e4 dxe4 13. dxe4 e5 14. c5 Bc7 15. Nc4 a5 16. Nh4 axb4 17. axb4 b6 18. Nf5 Bxf5 19. exf5 bxc5 20. Nxe5 Bxe5 21. Bxe5 Nxe5 22. f4 cxb4 23. fxe5 Qc5+ 24. Kh1 Rxa1 25. Qxa1 Ng4 26. h3 Ne3 27. Qc1 Qxc1 28. Rxc1 Nxg2 29. Kxg2 Rc8 30. Rc4 c5 31. e6 fxe6 32. fxe6 b3 33. Rf4 b2 34. Rf1 c4 0-1

[Event "Titled Tuesday intern op 25th Feb Early"]
[Site "Chess.com INT"]
[Date "2025.02.25"]
[Round "6"]
[White "Nakhbayeva, Guliskhan"]
[Black "Skiadopoulos, Nikolaos"]
[Result "1-0"]
[WhiteElo "2326"]
[BlackElo "1882"]
[PlyCount "121"]
[EventDate "2025.02.25"]
[EventType "swiss (blitz)"]
[EventRounds "11"]
[EventCountry "USA"]
[SourceTitle "CB10_2025"]
[SourceDate "2025.03.05"]
[SourceVersion "1"]
[SourceVersionDate "2025.03.05"]
[SourceQuality "1"]

1. c4 e6 2. Nf3 f5 3. d4 Nf6 4. g3 g6 5. Bg2 Bg7 6. 0-0 0-0 7. Nc3 d5 8. Ne5 c6 9. b3 Nbd7 10. Ba3 Re8 11. f4 Nxe5 12. fxe5 Ne4 13. Nxe4 dxe4 14. Bd6 Bf8 15. c5 Bxd6 16. cxd6 Bd7 17. e3 Qg5 18. Qd2 h5 19. Qf2 Kg7 20. h4 Qd8 21. Qf4 Rg8 22. Kh2 Rh8 23. Bxe4 g5 24. hxg5 Kg6 25. Bg2 Qxg5 26. Qxg5+ Kxg5 27. Rf4 Rh6 28. Rh4 Rg8 29. Bf3 Rg7 30. Kg2 Be8 31. Kf2 Rh8 32. Rah1 Bg6 33. Rc1 Rc8 34. b4 a6 35. a4 Be8 36. Rch1 Rh7 37. Rc1 Bd7 38. Rh2 Be8 39. Rhh1 Bd7 40. Rc3 Be8 41. Rhc1 Rg7 42. b5 axb5 43. axb5 Rh7 44. bxc6 bxc6 45. Bxc6 Bxc6 46. Rxc6 Ra8 47. Rc7 Rhh8 48. d7 Rad8 49. R1c6 Rh6 50. Rd6 Rh7 51. Rxe6 Rdxd7 52. Rxd7 Rxd7 53. Kf3 Ra7 54. d5 Ra1 55. d6 Rf1+ 56. Kg2 Rd1 57. Kf2 Rd2+ 58. Kf3 Rd1 59. Re7 Rf1+ 60. Ke2 Rg1 61. d7 1-0

[Event "Titled Tuesday intern op 25th Feb Early"]
[Site "Chess.com INT"]
[Date "2025.02.25"]
[Round "2"]
[White "Skiadopoulos, Nikolaos"]
[Black "Lie, Espen"]
[Result "0-1"]
[WhiteElo "1882"]
[BlackElo "2457"]
[PlyCount "50"]
[EventDate "2025.02.25"]
[EventType "swiss (blitz)"]
[EventRounds "11"]
[EventCountry "USA"]
[SourceTitle "CB10_2025"]
[SourceDate "2025.03.05"]
[SourceVersion "1"]
[SourceVersionDate "2025.03.05"]
[SourceQuality "1"]

1. e4 g6 2. d4 Bg7 3. c3 d6 4. Be2 Nf6 5. f3 0-0 6. Be3 e5 7. dxe5 dxe5 8. Qxd8 Rxd8 9. Nd2 Be6 10. Bc4 Rxd2 11. Bxe6 Rxg2 12. Bf2 Rxf2 13. Bxf7+ Kxf7 14. Kxf2 Nbd7 15. Ne2 Nc5 16. Rad1 Ke7 17. b4 Ne6 18. Rd2 Rf8 19. Kg2 Bh6 20. Rd3 Nh5 21. Rdd1 Nhf4+ 22. Nxf4 Nxf4+ 23. Kf2 Rf6 24. a4 Rc6 25. Rc1 Nd3+ 0-1

[Event "Titled Tuesday intern op 04th Feb Early"]
[Site "Chess.com INT"]
[Date "2025.02.04"]
[Round "11"]
[White "Skiadopoulos, Nikolaos"]
[Black "Valente, Sofia"]
[Result "1-0"]
[WhiteElo "1882"]
[BlackElo "1893"]
[PlyCount "89"]
[EventDate "2025.02.04"]
[EventType "swiss (blitz)"]
[EventRounds "11"]
[EventCountry "USA"]
[SourceTitle "CB07_2025"]
[SourceDate "2025.02.12"]
[SourceVersion "1"]
[SourceVersionDate "2025.02.12"]
[SourceQuality "1"]

1. b4 e5 2. Bb2 Bxb4 3. Bxe5 Nf6 4. a3 Be7 5. c4 0-0 6. Nf3 Nc6 7. Bb2 Re8 8. d4 d5 9. e3 Bg4 10. cxd5 Qxd5 11. Nc3 Qh5 12. Be2 Bd6 13. h3 Re7 14. Qb3 Na5 15. Qb5 Qxb5 16. Nxb5 Bxf3 17. Bxf3 Nc4 18. Bc1 c6 19. Nxd6 Nxd6 20. 0-0 Rd8 21. a4 Nc4 22. a5 Ne4 23. Ra4 Ncd2 24. Ba3 Rc7 25. Bxe4 Nxe4 26. Rc1 b5 27. axb6 axb6 28. Ra6 Rb8 29. f3 b5 30. fxe4 b4 31. Bb2 Re7 32. e5 f6 33. exf6 gxf6 34. Kf2 Rbe8 35. Re1 f5 36. Kf3 Rd7 37. Rxc6 Kf7 38. g4 fxg4+ 39. hxg4 Rf8 40. Kg3 Ke7 41. Rb6 Rg8 42. Rxb4 h5 43. d5 Rxd5 44. Rh1 hxg4 45. Rxg4 1-0

[Event "Titled Tuesday intern op 14th Jan Early"]
[Site "Chess.com INT"]
[Date "2025.01.14"]
[Round "5"]
[White "Neustroev, Victor"]
[Black "Skiadopoulos, Nikolaos"]
[Result "1-0"]
[WhiteElo "2283"]
[BlackElo "1882"]
[PlyCount "47"]
[EventDate "2025.01.14"]
[EventType "swiss (blitz)"]
[EventRounds "11"]
[EventCountry "USA"]
[SourceTitle "CB04_2025"]
[SourceDate "2025.01.22"]
[SourceVersion "1"]
[SourceVersionDate "2025.01.22"]
[SourceQuality "1"]

1. e4 c5 2. Nf3 Nc6 3. d4 cxd4 4. Nxd4 e5 5. Nb5 a6 6. Nd6+ Bxd6 7. Qxd6 Qf6 8. Qd1 Qg6 9. Nc3 Nf6 10. f3 0-0 11. Be3 d6 12. Qd2 Be6 13. g4 h6 14. h4 Bxg4 15. fxg4 Nxg4 16. Rg1 Qe6 17. 0-0-0 h5 18. Bh3 b5 19. Nd5 Rac8 20. Kb1 Ne7 21. Nxe7+ Qxe7 22. Bxg4 hxg4 23. Rxg4 a5 24. Bh6 1-0

[Event "Titled Tuesday intern op 14th Jan Early"]
[Site "Chess.com INT"]
[Date "2025.01.14"]
[Round "8"]
[White "Skiadopoulos, Nikolaos"]
[Black "Ady, Jonathan James"]
[Result "0-1"]
[WhiteElo "1882"]
[BlackElo "2358"]
[PlyCount "94"]
[EventDate "2025.01.14"]
[EventType "swiss (blitz)"]
[EventRounds "11"]
[EventCountry "USA"]
[SourceTitle "CB04_2025"]
[SourceDate "2025.01.22"]
[SourceVersion "1"]
[SourceVersionDate "2025.01.22"]
[SourceQuality "1"]

1. e4 c5 2. b4 cxb4 3. d4 d5 4. e5 Nc6 5. Bb5 Bf5 6. Nf3 Qb6 7. Bxc6+ Qxc6 8. Bd2 Qxc2 9. Qxc2 Bxc2 10. Bxb4 e6 11. Bxf8 Kxf8 12. Na3 Bd3 13. Kd2 Ba6 14. Rhc1 Ne7 15. Rc7 Rc8 16. Rac1 Rxc7 17. Rxc7 Ke8 18. Nc2 Kd8 19. Rc3 Nc6 20. Ng5 Ke7 21. Rf3 Nd8 22. h4 h6 23. Nh3 Nc6 24. Nf4 Rc8 25. h5 Na5 26. Ne3 Nc4+ 27. Nxc4 Rxc4 28. Ne2 Ra4 29. a3 Bxe2 30. Kxe2 Rxd4 31. Rg3 Re4+ 32. Kd3 Rxe5 33. Rxg7 Rxh5 34. Rg8 Rg5 35. Rb8 Rxg2 36. Rxb7+ Kf6 37. Ke3 h5 38. Rxa7 h4 39. Ra8 Kg7 40. Rb8 h3 41. Rb1 h2 42. Rh1 e5 43. Kf3 Rg6 44. Rxh2 Kf6 45. a4 Ke6 46. Ke2 d4 47. a5 Kd5 0-1

[Event "Titled Tuesday intern op 07th Jan Early"]
[Site "Chess.com INT"]
[Date "2025.01.07"]
[Round "1"]
[White "Skiadopoulos, Nikolaos"]
[Black "Ibadov, Dashgyn"]
[Result "0-1"]
[WhiteElo "1882"]
[BlackElo "2337"]
[PlyCount "98"]
[EventDate "2025.01.07"]
[EventType "swiss (blitz)"]
[EventRounds "11"]
[EventCountry "USA"]
[SourceTitle "CB03_2025"]
[SourceDate "2025.01.15"]
[SourceVersion "1"]
[SourceVersionDate "2025.01.15"]
[SourceQuality "1"]

1. e4 e5 2. f4 d5 3. exd5 exf4 4. Nf3 Nf6 5. c4 c6 6. d4 Bb4+ 7. Nc3 cxd5 8. Bxf4 0-0 9. Be2 Ne4 10. 0-0 Bxc3 11. bxc3 Nxc3 12. Qc2 Nxe2+ 13. Qxe2 Nc6 14. c5 Bf5 15. Rfd1 Qd7 16. Ne5 Nxe5 17. Qxe5 Rfe8 18. Qd6 Qxd6 19. Bxd6 Re2 20. Re1 Rae8 21. Kf1 Bd3 22. Rxe2 Rxe2 23. Rd1 Rd2+ 24. Ke1 Rxd1+ 25. Kxd1 f6 26. Kd2 Bc4 27. a3 Kf7 28. g3 Ke6 29. Ke3 Kf5 30. h3 g5 31. Bb8 a6 32. Bd6 Bf1 33. h4 h6 34. Kf2 Bd3 35. hxg5 fxg5 36. Kf3 Be4+ 37. Ke3 Kg4 38. Be5 Kh3 39. Bd6 h5 40. a4 Kg2 41. a5 h4 42. Be7 h3 43. Bxg5 h2 44. Bf4 h1Q 45. Kd2 Qf1 46. Kc3 Qd3+ 47. Kb4 Qc4+ 48. Ka3 Qc3+ 49. Ka2 Bc2 0-1

[Event "Titled Tuesday intern op 17th Sep Early"]
[Site "Chess,com INT"]
[Date "2024.09.17"]
[Round "6"]
[White "Harriott, Tyrell"]
[Black "Skiadopoulos, Nikolaos"]
[Result "1-0"]
[WhiteElo "1924"]
[BlackElo "1882"]
[PlyCount "75"]
[EventDate "2024.09.17"]
[EventType "swiss (blitz)"]
[EventRounds "11"]
[EventCountry "USA"]
[SourceTitle "EXT 2025"]
[Source "ChessBase"]
[SourceDate "2024.10.14"]
[SourceVersion "1"]
[SourceVersionDate "2024.10.14"]
[SourceQuality "1"]

1. d4 Nf6 2. e3 g6 3. Bd3 Bg7 4. f4 d6 5. Nf3 0-0 6. 0-0 b6 7. Nbd2 Ba6 8. Qe1 Bxd3 9. cxd3 Nc6 10. e4 e5 11. d5 Nb4 12. Qe2 c6 13. dxc6 Nxc6 14. Nc4 exf4 15. Bxf4 d5 16. Nd6 Nh5 17. Qd2 Nxf4 18. Qxf4 Ne5 19. Nxe5 Qxd6 20. d4 dxe4 21. Qxe4 Rad8 22. Rad1 f6 23. Nf3 Rfe8 24. Qh4 Qd5 25. b3 Re4 26. Qh3 f5 27. Ng5 Rxd4 28. Qxh7+ Kf8 29. Rde1 Rd6 30. Rc1 Rc6 31. Rce1 Rg4 32. Nf3 Re4 33. Rd1 Qc5+ 34. Kh1 Re8 35. Rd7 Qc3 36. Ng5 Re7 37. Rd8+ Re8 38. Rdd1 1-0

[Event "Titled Tuesday intern op 17th Sep Early"]
[Site "Chess,com INT"]
[Date "2024.09.17"]
[Round "7"]
[White "Ivashentseva, Dominika"]
[Black "Skiadopoulos, Nikolaos"]
[Result "1-0"]
[WhiteElo "1947"]
[BlackElo "1882"]
[PlyCount "71"]
[EventDate "2024.09.17"]
[EventType "swiss (blitz)"]
[EventRounds "11"]
[EventCountry "USA"]
[SourceTitle "EXT 2025"]
[Source "ChessBase"]
[SourceDate "2024.10.14"]
[SourceVersion "1"]
[SourceVersionDate "2024.10.14"]
[SourceQuality "1"]

1. d4 Nf6 2. c4 c5 3. d5 b5 4. cxb5 a6 5. bxa6 e6 6. Nc3 Nxd5 7. Nxd5 exd5 8. Qxd5 Nc6 9. Bd2 Be7 10. Nf3 0-0 11. e3 Qb6 12. Bd3 Nb4 13. Bxb4 Qxb4+ 14. Nd2 Bxa6 15. Bxa6 Rxa6 16. 0-0 Rd6 17. Qe5 Rxd2 18. Qxe7 d5 19. Rac1 Rc8 20. Qd7 Qb8 21. b3 h5 22. a3 d4 23. exd4 Rxd4 24. Qf5 g6 25. Qh3 Rg4 26. Rc4 Rxc4 27. bxc4 Rd8 28. Qe3 Qa7 29. h3 Rd4 30. Rc1 Qa4 31. Qc3 Rd1+ 32. Rxd1 Qxd1+ 33. Kh2 Qd6+ 34. g3 Qa6 35. Kg2 Qc6+ 36. Qf3 1-0

[Event "Titled Tuesday intern op 17th Sep Early"]
[Site "Chess,com INT"]
[Date "2024.09.17"]
[Round "11"]
[White "Skiadopoulos, Nikolaos"]
[Black "Ghosh, Chanchal Kumer"]
[Result "0-1"]
[WhiteElo "1882"]
[BlackElo "2025"]
[PlyCount "30"]
[EventDate "2024.09.17"]
[EventType "swiss (blitz)"]
[EventRounds "11"]
[EventCountry "USA"]
[SourceTitle "EXT 2025"]
[Source "ChessBase"]
[SourceDate "2024.10.14"]
[SourceVersion "1"]
[SourceVersionDate "2024.10.14"]
[SourceQuality "1"]

1. b4 e5 2. Bb2 d6 3. e4 Nf6 4. Nc3 Be7 5. Bc4 0-0 6. Nf3 c6 7. Bb3 Re8 8. Ng5 d5 9. Qf3 h6 10. h4 Bxb4 11. exd5 Bxc3 12. Bxc3 cxd5 13. 0-0-0 Bg4 14. Qg3 Bxd1 15. Kxd1 Nc6 0-1

[Event "Titled Tuesday intern op 17th Sep Early"]
[Site "Chess,com INT"]
[Date "2024.09.17"]
[Round "9"]
[White "Vila Dupla, Aurelio"]
[Black "Skiadopoulos, Nikolaos"]
[Result "1-0"]
[WhiteElo "2042"]
[BlackElo "1882"]
[PlyCount "67"]
[EventDate "2024.09.17"]
[EventType "swiss (blitz)"]
[EventRounds "11"]
[EventCountry "USA"]
[SourceTitle "EXT 2025"]
[Source "ChessBase"]
[SourceDate "2024.10.14"]
[SourceVersion "1"]
[SourceVersionDate "2024.10.14"]
[SourceQuality "1"]

1. Nf3 c5 2. c4 Nc6 3. Nc3 Nf6 4. d4 Nxd4 5. Nxd4 cxd4 6. Qxd4 g6 7. e4 Bg7 8. Be3 0-0 9. Qd2 Ng4 10. Bd4 Bh6 11. Qd1 d6 12. Be2 e5 13. Bxg4 exd4 14. Nd5 f5 15. exf5 gxf5 16. Be2 Qa5+ 17. b4 Qd8 18. 0-0 b5 19. cxb5 Be6 20. Bf3 Rb8 21. a4 Bg7 22. Qd3 Rc8 23. Rfe1 Rc3 24. Nxc3 dxc3 25. Rxe6 Be5 26. Rc1 Qd7 27. Bd5 Kh8 28. g3 f4 29. Rxc3 Bxc3 30. Qxc3+ Qg7 31. Qxg7+ Kxg7 32. Re7+ Kg6 33. Rxa7 fxg3 34. hxg3 1-0